Jim for sale /

Salvato in:
Dettagli Bibliografici
Autore principale: Kortner, Peter (Autore)
Natura: Libro
Lingua:inglese
Pubblicazione: New York : Dell Publishing, 1973
Tags: Aggiungi Tag
Nessun Tag, puoi essere il primo ad aggiungerne!!

MARC

LEADER 00000nam a22000007i 4500
001 IT\ICCU\UBO\2253864
003 ItRI
005 20260115232333.0
008 030722s1973 xxu|||||| ||||| |||||c
040 |b ita  |c importazione bologna sebina 
041 7 |a eng  |2 ISO-639-2 
100 1 |a Kortner, Peter  |0 IT\ICCU\UBOV\815341  |4 aut 
245 1 0 |a Jim for sale /  |c Peter Kortner. 
260 |a New York :  |b Dell Publishing,  |c 1973 
300 |a 288 p. ;  |c 18 cm. 
942 |2 ddc  |c BK  |n 0 
952 |0 0  |1 0  |4 0  |6 DOC_813_540000000000000_KOR  |7 0  |9 24409  |a BO  |b BO  |d 2026-01-15  |i 7497  |l 0  |o DOC 813.54 KOR  |p BO7497  |r 2026-01-15 23:23:33  |w 2026-01-15  |x [Sebina 5] [1 v.]  |y BK  |z 1 v. 
999 |c 20780  |d 20780